000 00709nam a22001937a 4500
005 20180113144935.0
010 _aUR-10017
020 _c300.00
_a-
035 _aU-8572
037 _bDBAD/PUB
100 _aجلا ل عا ر ف
245 _a تحر یر یں
_cجلا ل عا ر ف
246 _bTehreerein
_aby Jalal Arif
260 _aHaiderabad
_bAtiyab Publishing House
_c2015
270 _a22-8-59Shah Nawaz Shah,Atiyab Urdu Computer Grafics,Jamal Market,
_bHyderabad
_e500002
_k9949204759
_l-
300 _a180 ص
_c22 Cm.(B.b)
500 _aدو حصہ
942 _2ddc
_cUR
_h841.08
_mج ل ا
999 _c149198
_d149198